Eichen, Rosen und Kleegewächse Blütenpflanzen : Abbild : aus Golden Book Encyclopedia of Natural Science, ...

Bibliographic Details
Main Author: Conert, Hans Joachim (Author)
Other Authors: Wirth, Jürgen (Illustrator)
Format: Book
Language:German
PhysicalDescription:93 s. fotogr., tab. 4°
Published: Stuttgart Zürich Delphin Verlag 1970
Series:Delphin-Naturbücherei
Subjects:

MARC

LEADER 00000cam a2200000 a 4500
001 vtls010643737
003 SK-MaSNL
005 20260301220529.0
008 250312s1970 gw oa g 001 0 ger
035 |a 575535E3-9FC6-49B0-B650-AC644B1FB0E8 
035 |a urn:nbn:sk:snk-amkd5b 
035 |a urn:nbn:sk:snk-am008c98 
040 |a SNK  |b slo  |c SNK  |e AACR2 
041 0 |a ger 
044 |a gw  |c DE 
080 |a 582.5/.0(084.1)=3  |2 1981 
100 1 |a Conert, Hans Joachim  |4 aut  |9 387940 
245 1 0 |a Eichen, Rosen und Kleegewächse  |b Blütenpflanzen : Abbild : aus Golden Book Encyclopedia of Natural Science, ...  |c Hans Joachim Conert ; Eränzende Zeichnungen von Jürgen Wirth 
260 |a Stuttgart  |a Zürich  |b Delphin Verlag  |c 1970 
300 |a 93 s.  |b fotogr., tab.  |c 4° 
490 1 |a Delphin-Naturbücherei ;  |v Bd. 9 
504 |a Reg. 
650 0 7 |a kvety  |2 SNKPH  |9 29747 
655 7 |a obrazové publikácie  |2 SNKPH  |9 70343 
700 1 |a Wirth, Jürgen  |4 ill  |9 494114 
830 0 |a Delphin-Naturbücherei  |9 336462 
852 |a Slovenská národná knižnica 
958 |a OND 
999 |c 932153  |d 934083 
952 |a SNK  |b SNK  |y PREZ  |7 0  |p 17A0808899  |o snkSB 16468  |i snkKSP 7800/70  |0 0  |1 0  |4 0  |d 2014-12-17  |f 1  |l 0  |r 2025-03-19 00:00:00  |w 2026-02-24 
952 |a SNK  |b SNK  |y VYP  |7 0  |o snkSB 16468 D1  |i snkKSP 894/71  |0 0  |1 0  |4 0  |d 2014-12-17  |l 0  |r 2026-02-24 08:52:35  |w 2026-02-24